<?xml version="1.0" encoding="UTF-8"?>
<record
    xmlns:xsi="http://www.w3.org/2001/XMLSchema-instance"
    xsi:schemaLocation="http://www.loc.gov/MARC21/slim http://www.loc.gov/standards/marcxml/schema/MARC21slim.xsd"
    xmlns="http://www.loc.gov/MARC21/slim">

  <leader>00692nam a2200217Ia 4500</leader>
  <controlfield tag="001">7387</controlfield>
  <controlfield tag="003">GE_BSU</controlfield>
  <controlfield tag="008">181216s||||||||xx |||||||||||||| ||und||</controlfield>
  <datafield tag="040" ind1=" " ind2=" ">
    <subfield code="c">GE_BSU</subfield>
  </datafield>
  <datafield tag="080" ind1=" " ind2=" ">
    <subfield code="a">621.436.2(03)</subfield>
  </datafield>
  <datafield tag="245" ind1=" " ind2=" ">
    <subfield code="a">&#x414;&#x438;&#x437;&#x435;&#x43B;&#x438; &#x438; &#x433;&#x430;&#x437;&#x43E;&#x432;&#x44B;&#x435; &#x434;&#x432;&#x438;&#x433;&#x430;&#x442;&#x435;&#x43B;&#x438;.</subfield>
  </datafield>
  <datafield tag="245" ind1=" " ind2=" ">
    <subfield code="b">&#x41A;&#x430;&#x442;&#x430;&#x43B;&#x43E;&#x433;-&#x441;&#x43F;&#x440;&#x430;&#x432;&#x43E;&#x447;&#x43D;&#x438;&#x43A;.</subfield>
  </datafield>
  <datafield tag="245" ind1=" " ind2=" ">
    <subfield code="c">&#x421;&#x43E;&#x441;&#x442;. &#x41B;.&#x412;.&#x412;&#x430;&#x441;&#x438;&#x43D;. &#x411;&#x41D;.&#x410;&#x445;&#x443;&#x43D;. &#x41D;.&#x418;.&#x418;&#x432;&#x430;&#x447;&#x435;&#x43D;&#x43A;&#x43E; &#x438; &#x434;&#x440;. &#x41F;&#x43E;&#x434; &#x440;&#x435;&#x434;. &#x410;.&#x410;.&#x424;&#x430;&#x434;&#x438;&#x43D;&#x430;. &#x420;&#x435;&#x434;. &#x438;&#x437;-&#x432;&#x43E; &#x41C;.&#x41F;.&#x42E;&#x43A;&#x435;&#x432;&#x438;&#x447;.</subfield>
  </datafield>
  <datafield tag="260" ind1=" " ind2=" ">
    <subfield code="a">&#x41B;.</subfield>
  </datafield>
  <datafield tag="260" ind1=" " ind2=" ">
    <subfield code="b">&#x41C;&#x430;&#x448;&#x433;&#x438;&#x437;.</subfield>
  </datafield>
  <datafield tag="260" ind1=" " ind2=" ">
    <subfield code="c">1961.</subfield>
  </datafield>
  <datafield tag="300" ind1=" " ind2=" ">
    <subfield code="a">279&#x441;&#x442;&#x440;.</subfield>
  </datafield>
  <datafield tag="300" ind1=" " ind2=" ">
    <subfield code="e">&#x442;&#x430;&#x431;&#x43B;.</subfield>
  </datafield>
  <datafield tag="653" ind1=" " ind2=" ">
    <subfield code="a">&#x414;&#x438;&#x437;&#x435;&#x43B;&#x438; &#x438; &#x433;&#x430;&#x437;&#x43E;&#x432;&#x44B;&#x435; &#x434;&#x432;&#x438;&#x433;&#x430;&#x442;&#x435;&#x43B;&#x438;.</subfield>
  </datafield>
  <datafield tag="942" ind1=" " ind2=" ">
    <subfield code="c">BK</subfield>
  </datafield>
  <datafield tag="999" ind1=" " ind2=" ">
    <subfield code="c">40748</subfield>
    <subfield code="d">40748</subfield>
  </datafield>
  <datafield tag="952" ind1=" " ind2=" ">
    <subfield code="0">0</subfield>
    <subfield code="1">0</subfield>
    <subfield code="4">0</subfield>
    <subfield code="7">0</subfield>
    <subfield code="9">46018</subfield>
    <subfield code="d">2018-12-17</subfield>
    <subfield code="p">9655</subfield>
    <subfield code="r">2018-12-17</subfield>
    <subfield code="w">2018-12-17</subfield>
    <subfield code="y">BK</subfield>
  </datafield>
  <datafield tag="952" ind1=" " ind2=" ">
    <subfield code="0">0</subfield>
    <subfield code="1">0</subfield>
    <subfield code="4">0</subfield>
    <subfield code="7">0</subfield>
    <subfield code="9">46019</subfield>
    <subfield code="d">2018-12-17</subfield>
    <subfield code="p">9656</subfield>
    <subfield code="r">2018-12-17</subfield>
    <subfield code="w">2018-12-17</subfield>
    <subfield code="y">BK</subfield>
  </datafield>
</record>
